| 000 | 00732nam a22002057a 4500 | ||
|---|---|---|---|
| 999 |
_c19826 _d19826 |
||
| 003 | AR-CdUCM | ||
| 008 | 190329b ||||| |||| 00| 0 spa d | ||
| 040 |
_aMUNICIPALIDAD PROVINCIAL DEL CUSCO _cBIBLIOTECA MUNICIPAL DEL CUSCO |
||
| 082 |
_a348.685 / _bR21 |
||
| 100 |
_aRamirez Otarola, Jorge _926969 |
||
| 245 | _aCodificación de la legislación del trabajo y de previsión social del Perú / | ||
| 260 |
_aLima : _c1955. |
||
| 300 |
_a760 páginas ; _c24 cm. |
||
| 505 | _aContenido : Condiciones generale de trabajo --Accidentes de trabajo -- Alimentación popular -- Bolsas de trabajo... | ||
| 650 |
_aLegislación _92962 |
||
| 650 |
_aSocial _92020 |
||
| 650 |
_aPeruana _925277 |
||
| 942 |
_2ddc _cLIBROS |
||
| 945 | _arcc | ||